000 00685nam a2200253Ia 4500
003 OSt
005 20220918221013.0
006 a|||||r|||| 00| 0
007 ta
008 220917b |||||||| |||| 00| 0 eng d
024 _a147,768
037 _cTextual
040 _aARTS
_cARTS
_beng
041 _2eng
_aeng
082 _aY61, M5
100 _aEtzioni-Halevy Eva
_920061
245 0 _aKnowledge Elite and the failure of prophecy
260 _aBoston
_bGeorge Allen and Unwin
_c1985
300 _a136p.
_ccm.
490 _aControversies in sociology; 18
650 _aSOCIOLOGY
942 _hY61, M5
_cTEXL
_2CC
999 _c270503
_d270503